| 000 | 00415nam a2200121Ia 4500 | ||
|---|---|---|---|
| 008 | 220216s9999 xx 000 0 und d | ||
| 100 | _aTan H T | ||
| 245 | 0 | _aNew chemical techniques in the establishment, maintenance and rehabilitation of leguminous covers | |
| 260 | _bProceedings of the RRIM Planters Conference, Kuala Lumpur, 1977; p135-149 | ||
| 650 | _aLeguminous cover | ||
| 700 | _aPillai K R | ||
| 942 | _cJS | ||
| 999 |
_c63763 _d63763 |
||